LEADER 01542nam a2200313 i 4500 001 000000037302 003 CaOOAMICUS 005 20250711113121.0 008 031001s1991 fr u000 u fre u 013 $a7532 020 $a2-204-04274-9 040 $aSeMil$bita 100 0 $aCyrillus : Alexandrinus,$c.$0(OLS)http://semarc/name/480 245 13$a1: 1.-6. /$cCyrille d'Alexandrie ; introduction générale par Pierre Evieux ; introduction critique, texte grec par W. H. Burns ; traduction et annotation par Louis Arragon ... [et al.]. 264 1$aParis :$bLes Éditions du Cerf,$c1991. 300 $a423 p. ;$c20 cm 490 0 $aSources Chrétiennes ;$v372 700 1 $aÉvieux, Pierre,$d<1937-2007>.$0(OLS)http://semarc/name/89156 700 1 $aArragon, Louis.$0(OLS)http://semarc/name/17771 700 1 $aBurns, William Harris$b<1928-2003>.$0(OLS)http://semarc/name/17770 773 0 $aCyrillus : Alexandrinus $tLettres festales.$dParis : Les Éditions du Cerf, 1991-$kSources chrétiennes$g1$w()10056 830 0$aSources chrétiennes ;$v372.$0(OLS)http://semarc/title/72 850 $aSeMil 852 $aSeMil$W1$xVenegono$y1$mSL1.T VII 372$j3457$B3457$CSeMilBibl$Z2$F3457 $8I 961 $aSottoscrizione: Cerf (Éditions) 996 $6020$a2-204-04274-9$9(OLS)http://semarc/number/6246 996 $6245$a1: 1.-6.$9(OLS)http://semarc/title/441717 996 $6264$aParis :$bLes Éditions du Cerf$9(OLS)http://semarc/publisher/29611 LEADER 00773nam a2200205 i 4500 001 000000107216 003 CaOOAMICUS 005 20101117000000.0 008 101117s1955 gw u000 u ger u 013 $a79439 040 $aSeMil$bita 100 1 $aSchurhammer, Georg .$0(OLS)http://semarc/name/2848 245 10$aEuropa, 1506-1541 /$cGeorg Schurhammer. 260 $aFreiburg :$bHerder,$c1955. 300 $aXXX, 742 p. ;$c25 cm. 773 0 $aSchurhammer, Georg $tFranz Xaver.$dFreiburg : Herder, 1955.$gBd.1$w()4686 850 $aSeMil 852 $aSeMil$W1$xVenegono$y1$m3H IV 215$j63312$B63312$CSeMilBibl$Z2$F156542 $81 996 $6245$aEuropa, 1506-1541$9(OLS)http://semarc/title/155531 996 $6260$aFreiburg :$bHerder$9(OLS)http://semarc/publisher/29811